Escribe el antónimo de estas palabras - Estadísticas

Estadísticas generales
  • Esta prueba ha sido intentada 68 veces
  • La puntuación promedio es 15 de 20
Estadísticas de respuestas
Palabra Antónimo % Correcto
Malo Bueno
98%
Salir Entrar
96%
Rápido Lento
96%
Día Noche
96%
Grande Pequeño
96%
Aparecer Desaparecer
95%
Amar Odiar
95%
Ganar Perder
91%
Seco Húmedo
86%
Triste Feliz
84%
Estable Inestable
84%
Duro Blando
81%
Valiente Cobarde
81%
Gigante Enano
74%
Dar Quitar
56%
Activo (yo) Pasivo
54%
Aprobar Suspender
54%
Apto Inepto
37%
Generoso Avaro
28%
Ignorante Culto
23%
No se encontraron pruebas coincidentes
Distribución de puntuación
Porcentaje de gente con cada puntuación
Porcentaje por número respondido
Historial de tus puntuaciones
No has intentado esta prueba.